000 00523nam a22001937a 4500
005 20220707141144.0
008 220707b ||||| |||| 00| 0 eng d
040 _aIN-DiNC
_cIN-DiNC
041 _deng
082 _a891.4513
_bBOR
100 _aBordoloi, Rajanikanta
_eauthor
245 _aMiri Jiyori/
_cby Rajanikanta Bordoloi
250 _a1st ed.
260 _aGuwahati:
_bPublication Board Assam,
_c2012
300 _a80p.
650 _aAssamese novel
700 _aBarua, Suranjana
_eTranslator
942 _2ddc
_cBK
999 _c11356
_d11356